| 000 | 00973nam a2200253 i 4500 | ||
|---|---|---|---|
| 001 | 46935 | ||
| 003 | ES-MaACL | ||
| 005 | 20250808230403.0 | ||
| 007 | t| | ||
| 008 | 910124s1979 sp l |||| | spa d | ||
| 020 | _a84-7196-281-0 | ||
| 080 | _a342.4(460)"1978" | ||
| 245 | 0 | 3 |
_aLa Constitución española y las fuentes del derecho : _b[jornadas de estudio] / _c[organizadas por] Dirección General de lo Contencioso del Estado. |
| 260 |
_a[Madrid] : _bInstituto de Estudios Fiscales, _c[1979] |
||
| 300 |
_a2 v. ; _c24 cm. |
||
| 594 | _a"... celebradas durante los días 21 al 25 de mayo de 1979..." | ||
| 610 | 1 | 4 |
_aEspaña. _tConstitución, 1978. _93657 |
| 650 | 4 |
_aDerecho constitucional- _zEspaña _911682 |
|
| 710 | 1 |
_aEspaña. _bDirección General de lo Contencioso del Estado. _93750 |
|
| 710 | 2 |
_aInstituto de Estudios Fiscales (España) _9169207 |
|
| 852 | 4 |
_aES-MaACL _jA-10728-30 |
|
| 852 |
_aES-MaACL _jA-10551-53 |
||
| 999 |
_c46935 _d46935 |
||